000
00281nam a22001217a 4500
020
_a
0-600-41254-7
082
_a
629.2506 SEA'D
100
_a
SEALE, J. N
_9
74887
245
_a
DIESEL ENGINES QUESTIONS & ANSWER
260
_a
ENGLAND
_b
NEWNES
_c
1976
300
_a
128P
942
_c
BK
999
_c
581426
_d
581426